00544nam a22001697a 450000500170000001000150001702000260003203500140005803700130007208200120008510000240009724500830012126000600020427000680026430000240033270000180035620230919115608.0 aENG-138132 a9789394122093c550.00 aEN-121664 bDBAD/PUB a621.316 aRao, K.V. Govardhan aPower Systems-II /cP. Santosh Kumar Patra; K.V. Govardhan Rao and Ch. Nirosha aHyderabadbM/s SevenHils International Publishersc2023 a326/C, Level-3, Near BK Guda Park, S R NagarbHyderabade500038 axii, 172c25cm(pbk) aNaik, B. Ravi